One Piece: Bounties Over 1 Billion - Statistics

General Stats
  • This quiz has been taken 3,415 times
  • The average score is 18 of 21
Answer Stats
Hint Answer % Correct
3,000,000,000 Berries Monkey D. Luffy
99%
5,564,800,000 Berries Gol D. Roger
97%
1,111,000,000 Berries Roronoa Zoro
97%
1,032,000,000 Berries Vinsmoke Sanji
96%
4,388,000,000 Berries Charlotte Linlin (Big Mom)
95%
4,611,100,000 Berries Kaido
95%
4,048,900,000 Berries Shanks
95%
3,000,000,000 Berries Trafalgar D. Water Law
94%
5,046,000,000 Berries Edward Newgate (Whitebeard)
93%
3,000,000,000 Berries Eustass Kid
93%
3,996,000,000 Berries Marshall D. Teach (Blackbeard)
90%
3,189,000,000 Berries Buggy
89%
3,590,000,000 Berries Dracule Mihawk
89%
1,100,000,000 Berries Jinbe
86%
1,965,000,000 Berries Crocodile
83%
1,057,000,000 Berries Charlotte Katakuri
82%
1,390,000,000 Berries King
79%
1,320,000,000 Berries Queen
78%
1,000,000,000 Berries Jack
66%
1,659,000,000 Berries Boa Hancock
64%
1,374,000,000 Berries Marco
62%
No matching quizzes found
Score Distribution
Percent of People with Each Score
Percentile by Number Answered
Your Score History
You have not taken this quiz